Akadémia správy Slovenskej akadémie vied

Gespeichert in:
Bibliographische Detailangaben
Format: Schriftenreihe
Sprache:Slowakisch
Veröffentlicht: Bratislava VEDA, vydavateľstvo SAV 2024
Tags: Tag hinzufügen
Keine Tags, Fügen Sie das erste Tag hinzu!

MARC

LEADER 00000nas2a2200000 4500
001 0302839
005 20240626111200.4
022 |a 2730-0986 
041 0 |a slo 
044 |a SK 
245 1 0 |a Akadémia  |b správy Slovenskej akadémie vied 
264 1 |a Bratislava  |b VEDA, vydavateľstvo SAV  |c 2024 
773 0 |w eu_un_cat*s123909